Pohjoisimmat valtiot A-Ö - Statistics

Yleistilastot
  • Tätä visaa on pelattu 1 287 kertaa
  • Keskiarvotulos 19 / 24
Vastaustilastot
Kirjain Valtio % Oikein
N Norja
97%
S Suomi
97%
R Ruotsi
96%
V Venäjä
96%
I Islanti
93%
K Kanada
93%
T Tanska
90%
Y Yhdysvallat
90%
L Latvia
88%
Q Qatar
85%
A Alankomaat
84%
B Belgia
84%
P Puola
82%
J Japani
80%
Z Zimbabwe
77%
O Oman
74%
M Mongolia
70%
U Ukraina
68%
E Espanja
65%
H Haiti
59%
F Filippiinit
53%
G Georgia
53%
D Dominikaaninen tasavalta
48%
C Costa Rica
39%
Ehtoja vastaavia visoja ei löytynyt
Tulosjakauma
Jokaisen tuloksen saaneiden osuus
Persentiili vastausten määrän mukaan
Tuloshistoriasi
Et ole pelannut tätä visaa